01290nab a22002417a 4500003000400000005001700004008004100021040000700062100002000069245008900089260007300178300001500251500003500266505026000301505013100561505008100692650001800773650002900791650002500820650001700845650003200862773015400894OSt20260203105459.0190429b xxu||||| |||| 00| 0 spa d cPJ aSalvatori, Rita13aEl derecho de la víctima menor de edad a permanecer en silencio /cRita Salvatori. cCiudad Autónoma de Buenos Aires :aThomson Reuters La Ley, b2023. ap. 110-130 aCita Online: AR/DOC/2694/2023. aSumario: I. Introducción.— II. Reseña del caso.— III. Derecho a ser escuchado. Derecho a permanecer en silencio.— IV. Interacción entre el derecho a ser escuchado y el interés superior.— V. Consideraciones finales.— VI. Bibliografía.  aFallo comentado: CS ~ 29/08/2023 ~ G., G. E. s/ abuso sexual agravado por la convivencia y el parentesco causa n° 19837/14. tSi te interesa el texto completo, solicitalo a koha@justierradelfuego.gov.ar 0aDERECHO PENAL 0aDERECHOS DE LA VÍCTIMA 0aDERECHO A SER OÍDO 0aABUSO SEXUAL 0aINTERES SUPERIOR DEL NIÑO0 02658tRevista de derecho penal y criminología. Nº 11 - Diciembre 2023dCiudad Autónoma de Buenos Aires : Thomson Reuters La Ley, 2017-x00347914